| 000 | 00509nam a2200121Ia 4500 | ||
|---|---|---|---|
| 008 | 220615s9999||||xx |||||||||||||| ||und|| | ||
| 100 | _aHörrmann, Julia | ||
| 245 | 4 | _aThe method of densities for non-isotropic Boolean models | |
| 546 | _aEnglish[eng] | ||
| 650 | _aStochastic geometry||Boolean model||Intensitätsschätzung||method of densities||anisotropy||Anisotropie||intensity estimation||Boolesches Modell||Stochastische Geometrie | ||
| 856 | _uhttps://www.ksp.kit.edu/9783731503293 | ||
| 942 | _cEB | ||
| 999 |
_c15259 _d15259 |
||